书目信息 |
| 题名: |
音乐译丛
|
|
| 作者: | ;人民音乐出版社 编 | |
| 分册: | 第一辑 | |
| 出版信息: | 北京 人民音乐出版社 1979 |
|
| 页数: | 220页 | |
| 开本: | 20cm | |
| 丛书名: | ||
| 单 册: | ||
| 中图分类: | J60 | |
| 科图分类: | ||
| 主题词: | 音乐--艺术理论 , 音乐学 , 音乐社会学 | |
| 电子资源: | ||
| ISBN: | ||
| 000 | 00608nam0 2200241 45 | |
| 001 | 0179002312 | |
| 005 | 20060912084753.15 | |
| 010 | @dCNY0.88 | |
| 091 | @a8026.3534 | |
| 100 | @a19950724d1979 em y0chiy0121 ea | |
| 101 | 0 | @achi |
| 102 | @aCN@b110000 | |
| 105 | @ay z 000yy | |
| 200 | 10 | @a音乐译丛@Ayin yue yi cong@h第一辑@f本社编@FBen She Bian |
| 210 | @a北京@c人民音乐出版社@d1979 | |
| 215 | @a220页@d20cm | |
| 606 | 0 | @a音乐@x艺术理论 |
| 606 | 0 | @a音乐学 |
| 606 | 0 | @a音乐社会学 |
| 690 | @aJ60 | |
| 711 | 02 | @a人民音乐出版社@4编 |
| 801 | 0 | @aCN@bNLC@c20060912 |
| 905 | @f1@b19230@dJ60@e10:1 | |
| 音乐译丛.第一辑/本社编.-北京:人民音乐出版社,1979 |
| 220页;20cm |
| ISBN :CNY0.88 |
| ● |
| 相关链接 |
|
|
|
|
正题名:音乐译丛
索取号:J60/10:1
 
预约/预借
| 序号 | 登录号 | 条形码 | 馆藏地/架位号 | 状态 | 备注 |
| 1 | 0019230 | 000574168 | 第一样本阅览室/ [索取号:J60/10:1] | 在馆 | |
| 2 | 0443948 | 204439483 | 密集书库/ [索取号:J60/10:1] | 在馆 | |
| 3 | 0443949 | 204439492 | 密集书库/ [索取号:J60/10:1] | 在馆 | |
| 4 | 0466140 | 204661400 | 密集书库/ [索取号:J60/10:1] | 在馆 | |
| 5 | 0466141 | 204661419 | 密集书库/ [索取号:J60/10:1] | 在馆 | |
| 6 | 0475230 | 204752302 | 密集书库/ [索取号:J60/10:1] | 在馆 |